000
00254nam a22001097a 4500
005
20161222172441.0
008
161222b xxu||||| |||| 00| 0 eng d
041
_a
eng
245
_a
Civil Engineering (Gate 2016)
260
_b
Engineers Academy
942
_c
BK
999
_c
5321
_d
5319